Principles and practices of management in the hospitality industry / (Record no. 344331)

000 -LEADER
fixed length control field 00685 a2200193 4500
020 ## - INTERNATIONAL STANDARD BOOK NUMBER
International Standard Book Number 0442252153
020 ## - INTERNATIONAL STANDARD BOOK NUMBER
International Standard Book Number 9780442252151
082 04 - DEWEY DECIMAL CLASSIFICATION NUMBER
Classification number 647.94068
090 ## - LOCALLY ASSIGNED LC-TYPE CALL NUMBER (OCLC); LOCAL CALL NUMBER (RLIN)
-- 1820
-- 1820
100 1# - MAIN ENTRY--PERSONAL NAME
Personal name Keiser, James R.
245 10 - TITLE STATEMENT
Title Principles and practices of management in the hospitality industry /
Statement of responsibility, etc. James R. Keiser.
250 ## - EDITION STATEMENT
Edition statement 2 Sub ed.
260 ## - PUBLICATION, DISTRIBUTION, ETC.
Place of publication, distribution, etc. [S.l.] :
Name of publisher, distributor, etc. Van Nostrand Reinhold Company,
Date of publication, distribution, etc. 1989.
300 ## - PHYSICAL DESCRIPTION
Extent 512 p. ;
Dimensions 25 cm.
500 ## - GENERAL NOTE
General note Hardcover.
856 40 - ELECTRONIC LOCATION AND ACCESS
Materials specified Amazon.com
Uniform Resource Identifier <a href="http://www.amazon.com/exec/obidos/ASIN/0442252153/chopaconline-20">http://www.amazon.com/exec/obidos/ASIN/0442252153/chopaconline-20</a>
856 40 - ELECTRONIC LOCATION AND ACCESS
Materials specified Amazon customer reviews
Uniform Resource Identifier <a href="http://www.chopac.org/cgi-bin/tools/azrev.pl?q=0442252153">http://www.chopac.org/cgi-bin/tools/azrev.pl?q=0442252153</a>
942 ## - ADDED ENTRY ELEMENTS (KOHA)
Institution code [OBSOLETE] NBS
Koha item type Book
Call number prefix 647.94068 KEI
Holdings
Withdrawn status Lost status Damaged status Not for loan Permanent Location Current Location Date acquired Total Checkouts Full call number Barcode Date last seen Price effective from Koha item type
        Central Library (CL) Central Library (CL) 08/28/2013   647.94068 KEI NBS3088 04/26/2016 08/28/2013 Book
© 2023 Central Library, National University of Sciences and Technology. All Rights Reserved.